<?xml version='1.0' encoding='UTF-8'?>
  <record xmlns="http://www.loc.gov/MARC21/slim">
    <leader>00000cam a2200000 a 4500</leader>
    <controlfield tag="001">ocm57757956</controlfield>
    <controlfield tag="003">OCoLC</controlfield>
    <controlfield tag="005">20240702195711.5</controlfield>
    <controlfield tag="008">050228s1861    gw af    b    000 0 ger d</controlfield>
    <datafield tag="040" ind1=" " ind2=" ">
      <subfield code="a">GIS</subfield>
      <subfield code="b">eng</subfield>
      <subfield code="c">GIS</subfield>
      <subfield code="d">OCLCQ</subfield>
      <subfield code="d">OCLCG</subfield>
      <subfield code="d">OCLCF</subfield>
      <subfield code="d">OCLCO</subfield>
      <subfield code="d">OCLCQ</subfield>
      <subfield code="d">ANS</subfield>
      <subfield code="d">OCLCO</subfield>
      <subfield code="d">UKRIN</subfield>
      <subfield code="d">OCLCQ</subfield>
      <subfield code="d">OCLCL</subfield>
      <subfield code="d">OCLCQ</subfield>
    </datafield>
    <datafield tag="035" ind1=" " ind2=" ">
      <subfield code="a">(OCoLC)57757956</subfield>
    </datafield>
    <datafield tag="043" ind1=" " ind2=" ">
      <subfield code="a">e-gx---</subfield>
    </datafield>
    <datafield tag="050" ind1=" " ind2="4">
      <subfield code="a">QE945</subfield>
      <subfield code="b">.G3 H4</subfield>
    </datafield>
    <datafield tag="080" ind1=" " ind2=" ">
      <subfield code="a">448-A</subfield>
    </datafield>
    <datafield tag="100" ind1="1" ind2=" ">
      <subfield code="a">Heer, Oswald,</subfield>
      <subfield code="d">1809-1883.</subfield>
      <subfield code="1">https://id.oclc.org/worldcat/entity/E39PCjM8qKRBfPtRy86mG9Dm8d</subfield>
    </datafield>
    <datafield tag="245" ind1="1" ind2="0">
      <subfield code="a">Beiträge zur nähern Kenntniss der Sächsisch-thüringischen Braunkohlenflora /</subfield>
      <subfield code="c">von Oswald Heer ; nebst einem Anhange über einige siebenbürgische Tertiärpflanzen von C.J. Andrae.</subfield>
    </datafield>
    <datafield tag="260" ind1=" " ind2=" ">
      <subfield code="a">Berlin :</subfield>
      <subfield code="b">G. Bosselmann,</subfield>
      <subfield code="c">1861.</subfield>
    </datafield>
    <datafield tag="300" ind1=" " ind2=" ">
      <subfield code="a">iv, 32 pages, x leaves of plates :</subfield>
      <subfield code="b">color illustrations ;</subfield>
      <subfield code="c">35 cm</subfield>
    </datafield>
    <datafield tag="336" ind1=" " ind2=" ">
      <subfield code="a">text</subfield>
      <subfield code="b">txt</subfield>
      <subfield code="2">rdacontent</subfield>
    </datafield>
    <datafield tag="337" ind1=" " ind2=" ">
      <subfield code="a">unmediated</subfield>
      <subfield code="b">n</subfield>
      <subfield code="2">rdamedia</subfield>
    </datafield>
    <datafield tag="338" ind1=" " ind2=" ">
      <subfield code="a">volume</subfield>
      <subfield code="b">nc</subfield>
      <subfield code="2">rdacarrier</subfield>
    </datafield>
    <datafield tag="500" ind1=" " ind2=" ">
      <subfield code="a">"Aus dem II. Bande der Abhandlungen des Naturwissenschaftlichen Vereins für die Provinz Sachsen und Thüringen besonders abgedruckt."</subfield>
    </datafield>
    <datafield tag="500" ind1=" " ind2=" ">
      <subfield code="a">Also has pagination: iv, [407]-438 p.</subfield>
    </datafield>
    <datafield tag="504" ind1=" " ind2=" ">
      <subfield code="a">Includes bibliographical references.</subfield>
    </datafield>
    <datafield tag="650" ind1=" " ind2="0">
      <subfield code="a">Paleobotany</subfield>
      <subfield code="z">Germany</subfield>
      <subfield code="z">Saxony.</subfield>
    </datafield>
    <datafield tag="650" ind1=" " ind2="6">
      <subfield code="a">Paléobotanique</subfield>
      <subfield code="z">Allemagne</subfield>
      <subfield code="z">Saxe.</subfield>
    </datafield>
    <datafield tag="650" ind1=" " ind2="7">
      <subfield code="a">Paleobotany.</subfield>
      <subfield code="2">fast</subfield>
      <subfield code="0">(OCoLC)fst01051324</subfield>
    </datafield>
    <datafield tag="651" ind1=" " ind2="7">
      <subfield code="a">Germany</subfield>
      <subfield code="z">Saxony.</subfield>
      <subfield code="2">fast</subfield>
      <subfield code="0">(OCoLC)fst01233658</subfield>
      <subfield code="1">https://id.oclc.org/worldcat/entity/E39PBJxrRTK7BBrjRGC6Hpvfv3</subfield>
    </datafield>
    <datafield tag="700" ind1="1" ind2=" ">
      <subfield code="a">Andrae, C. J.</subfield>
      <subfield code="q">(Carl Justus),</subfield>
      <subfield code="d">1816-1885.</subfield>
      <subfield code="1">https://id.oclc.org/worldcat/entity/E39PBJdmk3MyXwJPTyR6tGcdcP</subfield>
    </datafield>
    <datafield tag="776" ind1="0" ind2="8">
      <subfield code="i">Online version:</subfield>
      <subfield code="a">Heer, Oswald, 1809-1883.</subfield>
      <subfield code="t">Beiträge zur nähern Kenntniss der Sächsisch-thüringischen Braunkohlenflora.</subfield>
      <subfield code="d">Berlin : G. Bosselmann, 1861</subfield>
      <subfield code="w">(OCoLC)551489767</subfield>
    </datafield>
  </record>